000 00306nam a22001337a 4500
008 170424b xxu||||| |||| 00| 0 eng d
020 _a0870410350
041 _aeng
080 _217TH
_a51
100 _a12
101 _aSHM
245 _aREVIEW OF PHYSIOLOGICAL CHEMISTRY
_cHARPER, H.A
942 _2udc
_cBK
999 _c11793
_d11793